<?xml version="1.0" encoding="UTF-8"?>
<record
    xmlns:xsi="http://www.w3.org/2001/XMLSchema-instance"
    xsi:schemaLocation="http://www.loc.gov/MARC21/slim http://www.loc.gov/standards/marcxml/schema/MARC21slim.xsd"
    xmlns="http://www.loc.gov/MARC21/slim">

  <leader>01311cam a2200337   4500</leader>
  <controlfield tag="001">520369</controlfield>
  <controlfield tag="003">YEEZEN</controlfield>
  <controlfield tag="005">20260310145957.0</controlfield>
  <controlfield tag="008">251201s2025    ch a   e b    000 0 chi d</controlfield>
  <datafield tag="020" ind1=" " ind2=" ">
    <subfield code="a">9786263906372</subfield>
    <subfield code="q">(&#x5E73;&#x88DD;) :</subfield>
    <subfield code="c">NT$480</subfield>
  </datafield>
  <datafield tag="040" ind1=" " ind2=" ">
    <subfield code="b">chi</subfield>
    <subfield code="c">&#x7AF9;&#x5E02;CSIN</subfield>
    <subfield code="e">CCR</subfield>
  </datafield>
  <datafield tag="041" ind1="1" ind2=" ">
    <subfield code="a">chi</subfield>
    <subfield code="h">ger</subfield>
  </datafield>
  <datafield tag="042" ind1=" " ind2=" ">
    <subfield code="a">nbic</subfield>
  </datafield>
  <datafield tag="084" ind1=" " ind2=" ">
    <subfield code="a">528.2</subfield>
    <subfield code="2">ncsclt</subfield>
  </datafield>
  <datafield tag="090" ind1=" " ind2=" ">
    <subfield code="a">528.2</subfield>
    <subfield code="b">8434</subfield>
  </datafield>
  <datafield tag="100" ind1="1" ind2=" ">
    <subfield code="a">&#x8056;&#x5B89;&#x5409;</subfield>
    <subfield code="c">(St. Ange, Caroline von)</subfield>
  </datafield>
  <datafield tag="245" ind1="1" ind2="0">
    <subfield code="a">&#x6559;&#x51FA;&#x81EA;&#x4E3B;&#x5B78;&#x7FD2;&#x7684;&#x5B69;&#x5B50; :</subfield>
    <subfield code="b">&#x5FB7;&#x570B;&#x540D;&#x5E2B;&#x6559;&#x4F60;&#x4F7F;&#x7528;&#x6210;&#x9577;&#x578B;&#x5B78;&#x7FD2;&#x601D;&#x7DAD;, &#x627E;&#x56DE;&#x5B69;&#x5B50;&#x4E3B;&#x52D5;&#x5B78;&#x7FD2;&#x7684;&#x52D5;&#x6A5F;&#x8207;&#x5C08;&#x6CE8;&#x529B; /</subfield>
    <subfield code="c">&#x5361;&#x6D1B;&#x7433;&#x5A1C;.&#x99AE;.&#x8056;&#x5B89;&#x5409;(Caroline von St. Ange)&#x8457; ; &#x6C5F;&#x923A;&#x5A77;&#x8B6F;</subfield>
  </datafield>
  <datafield tag="246" ind1="1" ind2="0">
    <subfield code="a">&#x5FB7;&#x570B;&#x540D;&#x5E2B;&#x6559;&#x4F60;&#x4F7F;&#x7528;&#x6210;&#x9577;&#x578B;&#x5B78;&#x7FD2;&#x601D;&#x7DAD;, &#x627E;&#x56DE;&#x5B69;&#x5B50;&#x4E3B;&#x52D5;&#x5B78;&#x7FD2;&#x7684;&#x52D5;&#x6A5F;&#x8207;&#x5C08;&#x6CE8;&#x529B;</subfield>
  </datafield>
  <datafield tag="246" ind1="1" ind2="1">
    <subfield code="a">Alles ist schwer, bevor es leicht ist :</subfield>
    <subfield code="b">Wie Lernen gelingt.</subfield>
  </datafield>
  <datafield tag="246" ind1="1" ind2="1">
    <subfield code="a">Wie Lernen gelingt.</subfield>
  </datafield>
  <datafield tag="250" ind1=" " ind2=" ">
    <subfield code="a">&#x521D;&#x7248;</subfield>
  </datafield>
  <datafield tag="260" ind1=" " ind2=" ">
    <subfield code="a">&#x81FA;&#x5317;&#x5E02; :</subfield>
    <subfield code="b">&#x5546;&#x5468;&#x51FA;&#x7248; :</subfield>
    <subfield code="b">&#x5BB6;&#x5EAD;&#x50B3;&#x5A92;&#x57CE;&#x90A6;&#x5206;&#x516C;&#x53F8;&#x767C;&#x884C;,</subfield>
    <subfield code="c">2025.09.</subfield>
  </datafield>
  <datafield tag="300" ind1=" " ind2=" ">
    <subfield code="a">[16], 303&#x9762; :</subfield>
    <subfield code="b">&#x90E8;&#x4EFD;&#x5F69;&#x5716; ;</subfield>
    <subfield code="c">21&#x516C;&#x5206;</subfield>
  </datafield>
  <datafield tag="500" ind1=" " ind2=" ">
    <subfield code="a">&#x8B6F;&#x81EA;: Alles ist schwer, bevor es leicht ist : Wie Lernen gelingt.</subfield>
  </datafield>
  <datafield tag="504" ind1=" " ind2=" ">
    <subfield code="a">&#x53C3;&#x8003;&#x66F8;&#x76EE;: &#x9762;302-303.</subfield>
  </datafield>
  <datafield tag="650" ind1=" " ind2="7">
    <subfield code="a">&#x89AA;&#x8077;&#x6559;&#x80B2;</subfield>
    <subfield code="2">lcstt.</subfield>
  </datafield>
  <datafield tag="650" ind1=" " ind2="7">
    <subfield code="a">&#x5B50;&#x5973;&#x6559;&#x80B2;</subfield>
    <subfield code="2">lcstt.</subfield>
  </datafield>
  <datafield tag="650" ind1=" " ind2="7">
    <subfield code="a">&#x5B78;&#x7FD2;&#x5FC3;&#x7406;&#x5B78;</subfield>
    <subfield code="2">lcstt.</subfield>
  </datafield>
  <datafield tag="700" ind1="1" ind2=" ">
    <subfield code="a">&#x6C5F;&#x923A;&#x5A77;</subfield>
  </datafield>
  <datafield tag="942" ind1=" " ind2=" ">
    <subfield code="2">ccl</subfield>
    <subfield code="c">BOOK</subfield>
  </datafield>
  <datafield tag="999" ind1=" " ind2=" ">
    <subfield code="c">7697</subfield>
    <subfield code="d">7697</subfield>
  </datafield>
  <datafield tag="952" ind1=" " ind2=" ">
    <subfield code="0">0</subfield>
    <subfield code="1">0</subfield>
    <subfield code="2">ccl</subfield>
    <subfield code="4">0</subfield>
    <subfield code="7">0</subfield>
    <subfield code="a">yeezen</subfield>
    <subfield code="b">yeezen</subfield>
    <subfield code="c">YEEZEN</subfield>
    <subfield code="d">2026-03-10</subfield>
    <subfield code="l">2</subfield>
    <subfield code="m">1</subfield>
    <subfield code="o">528.2</subfield>
    <subfield code="p">C03280</subfield>
    <subfield code="q">2026-04-23</subfield>
    <subfield code="r">2026-04-09 00:00:00</subfield>
    <subfield code="s">2026-04-09</subfield>
    <subfield code="w">2026-03-10</subfield>
    <subfield code="y">BOOK</subfield>
    <subfield code="z">&#x9019;&#x662F;&#x6240;&#x6709;&#x5BB6;&#x9577;&#x3001;&#x7236;&#x6BCD;&#x5167;&#x5FC3;&#x6700;&#x5927;&#x7684;&#x7591;&#x554F;&#xFF1A; &#x300C;&#x5230;&#x5E95;&#x8981;&#x600E;&#x9EBC;&#x8B93;&#x5B69;&#x5B50;&#x4E56;&#x4E56;&#x81EA;&#x5DF1;&#x5B78;&#x7FD2;&#x554A;&#xFF1F;&#x300D; &#x8B93;&#x5FB7;&#x570B;&#x3010;&#x5B78;&#x7FD2;&#x6559;&#x7DF4;&#x3011;&#x5361;&#x6D1B;&#x7433;&#xFF0E;&#x99AE;&#xFF0E;&#x8056;&#x5B89;&#x5409;&#x544A;&#x8A34;&#x4F60;&#xFF0C; &#x5982;&#x4F55;&#x5584;&#x7528;&#x6210;&#x9577;&#x578B;&#x5B78;&#x7FD2;&#x601D;&#x7DAD;&#xFF0C;&#x8B93;&#x5B69;&#x5B50;&#x5728;&#x5B78;&#x7FD2;&#x4E0A;&#x627E;&#x56DE;&#x52D5;&#x6A5F;&#xFF0C;&#x9084;&#x6709;&#x7121;&#x7AAE;&#x6A02;&#x8DA3;&#xFF01;</subfield>
  </datafield>
</record>
